Titre des films Marvel - Statistiques

Statistiques générales
  • Ce quiz a été pris 5 076 fois
  • Le résultat moyen est 11 sur 22
Statistiques - réponses
Date de sortie Titre % Correct
2008 Iron Man
95%
2012 Avengers
84%
2011 Captain America
84%
2010 Iron Man 2
81%
2013 Iron Man 3
76%
2011 Thor
73%
2015 Avengers : l'Ère d'Ultron
53%
2019 Avengers: Endgame
51%
2018 Avengers : Infinity War
50%
2017 Spider-Man
50%
2013 Thor : Le Monde des ténèbres
49%
2014 Captain America : Le Soldat de l'hiver
47%
2017 Thor : Ragnarok
46%
2008 L'Incroyable Hulk
43%
2016 Captain America : Civil War
41%
2015 Ant-Man
39%
2018 Black Panther
31%
2019 Captain Marvel
28%
2014 Les Gardiens de la Galaxie
28%
2016 Doctor Strange
25%
2018 Ant-Man et la Guêpe
23%
2017 Les Gardiens de la Galaxie 2
14%
Aucun quiz correspondant
Distribution des résultats
% des personnes avec chaque résultat
Percentile par nombre de réponses
Votre historique - résultats
Vous n’avez pas pris ce quiz